000 00210nam a22000977a 4500
999 _c16187
_d16187
003 OSt
008 200617b ||||| |||| 00| 0 eng d
100 _aHigh E.S.R
_94606
245 _aThe creative word
942 _cBK